Graphic art of the 19th century /

Bibliographic Details
Main Author: Roger-Marx, Claude, 1888-1977
Format: Book
Language:English
French
Published: New York : McGraw-Hill, [1962]
Subjects:

MARC

Tag First Indicator Second Indicator Subfields
LEADER 00000cam a2200000 4500
001 in00000035641
005 20151007062057.0
008 750603s1962 nyua 00000 eng u
010 |a  62020257  
035 |a (OCoLC)01369661 
035 |9 AAD3892AM 
040 |c BNG  |d TXA  |d UtOrBLW 
041 1 |a eng  |a fre 
049 |a TXAM  |c [366004] 
050 0 |a NE485  |b .R613 
092 |a 760.9  |b R723g 
100 1 |a Roger-Marx, Claude,  |d 1888-1977. 
245 1 0 |a Graphic art of the 19th century /  |c [Translated from the French by E. M. Gwyer]. 
264 1 |a New York :  |b McGraw-Hill,  |c [1962] 
264 4 |c [©1962] 
300 |a 254 pages :  |b illustrations (part color) ;  |c 22 cm. 
336 |a text  |b txt  |2 rdacontent 
337 |a unmediated  |b n  |2 rdamedia 
338 |a volume  |b nc  |2 rdacarrier 
500 |a Translation of La gravure originale au XIXe siecle. 
650 0 |a Engraving  |x History. 
650 0 |a Engraving. 
999 |a MARS 
999 f f |s 54025493-f65a-36d0-904d-3f9084f6af74  |i 2d63b142-3170-3e48-8dc5-d6c21bb87404  |t 0 
952 f f |p normal  |a Texas A&M University  |b College Station  |c Sterling C. Evans Library  |d Evans: Library Stacks  |t 0  |e NE485 .R613  |h Library of Congress classification  |i unmediated -- volume  |m A14801159419 
998 f f |a NE485 .R613  |t 0  |l Evans: Library Stacks